Loading...
| Science - Chemistry | 0 | 3 | 1 | 0 | 25 | 94 | 114.00 | 1 | 2 | 2.05 | 11.26 |
| Fine Arts - Other Arts | 0 | 2 | 1 | 1 | 15 | 76 | 104.00 | 0 | 0 | 3.17 | 4.68 |
| Beliefs | 0 | 2 | 2 | 1 | 10 | 111 | 124.00 | 0 | 0 | 1.07 | 3.00 |
| Fine Arts - Classical Music and Opera | 0 | 1 | 0 | 0 | 10 | 101 | 101.00 | 0 | 0 | 1.64 | 3.57 |
| Science - Physics | 0 | 1 | 0 | 0 | 10 | 122 | 122.00 | 0 | 0 | 1.53 | 3.33 |
| Visual Arts | 0 | 1 | 0 | 0 | 10 | 118 | 118.00 | 0 | 0 | 0.95 | 5.36 |
| Literature - British | 0 | 0 | 1 | 0 | -5 | 0.00 | 0 | 0 | 0.00 | 0.00 | |
| Science - Other | 0 | 0 | 2 | 0 | -10 | 0.00 | 0 | 0 | 0.00 | 0.00 | |
| Literature - American | 0 | 0 | 2 | 0 | -10 | 0.00 | 0 | 0 | 0.00 | 0.00 |